书目信息 |
| 题名: |
钢筋混凝土设计
|
|
| 作者: | 粟津清藏 主编 ;伊藤实 , 小笹修广 , 佐藤启治 , 季小莲 著 | |
| 分册: | ||
| 出版信息: | 北京 中国建筑工业出版社 2016.11 |
|
| 页数: | 196页 | |
| 开本: | 21cm | |
| 丛书名: | ||
| 单 册: | ||
| 中图分类: | TU375.04 | |
| 科图分类: | ||
| 主题词: | 钢筋混凝土结构--设计计算--教材 | |
| 电子资源: | ||
| ISBN: | 978-7-112-19792-7 | |
| 000 | 01239nam0 2200289 450 | |
| 001 | 0100004498 | |
| 005 | 20190306161304.09 | |
| 010 | @a978-7-112-19792-7@dCNY28.00 | |
| 100 | @a20161212d2016 em y0chiy50 ea | |
| 101 | 1 | @achi@cjpn |
| 102 | @aCN@b110000 | |
| 105 | @aak z 000yy | |
| 200 | 1 | @a钢筋混凝土设计@Agang jin hun ning tu she ji@f(日)粟津清藏主编@g(日)伊藤实,(日)小笹修广,(日)佐藤启治合著@g季小莲译 |
| 210 | @a北京@c中国建筑工业出版社@d2016.11 | |
| 215 | @a196页@c图@d21cm | |
| 300 | @a国外高校土木工程专业图解教材系列 适合土木工程专业本科、高职学生使用 | |
| 305 | @a由日本欧姆社授权出版 据原书第2版译出 | |
| 330 | @a本书全面系统地阐述了钢筋混凝土结构的设计原理、设计方法和设计步骤。介绍了钢筋混凝土概况,钢筋混凝土的发展历史和设计方法的演变过程,用容许应力设计方法和极限承载力设计方法设计钢筋混凝土梁构件的具体方法和步骤等。 | |
| 606 | 0 | @a钢筋混凝土结构@x设计计算@j教材 |
| 690 | @aTU375.04@v5 | |
| 701 | 0 | @c(日)@a粟津清藏@Asu jin qing zang@4主编 |
| 702 | 0 | @c(日)@a伊藤实@Ayi teng shi@4著 |
| 702 | 0 | @c(日)@a小笹修广@Axiao shi xiu guang@4著 |
| 702 | 0 | @c(日)@a佐藤启治@Azuo teng qi zhi@4著 |
| 702 | 0 | @a季小莲@Aji xiao lian@4译 |
| 801 | 0 | @aCN@c201701015 |
| 905 | @a河南城建学院图书馆@dTU375.04@eS875 | |
| 钢筋混凝土设计/(日)粟津清藏主编/(日)伊藤实,(日)小笹修广,(日)佐藤启治合著/季小莲译.-北京:中国建筑工业出版社,2016.11 |
| 196页:图;21cm |
| 国外高校土木工程专业图解教材系列 适合土木工程专业本科、高职学生使用 |
| ISBN 978-7-112-19792-7:CNY28.00 |
| 本书全面系统地阐述了钢筋混凝土结构的设计原理、设计方法和设计步骤。介绍了钢筋混凝土概况,钢筋混凝土的发展历史和设计方法的演变过程,用容许应力设计方法和极限承载力设计方法设计钢筋混凝土梁构件的具体方法和步骤等。 |
| ● |
| 相关链接 |
|
|
|
正题名:钢筋混凝土设计
索取号:TU375.04/S875
 
预约/预借
| 序号 | 登录号 | 条形码 | 馆藏地/架位号 | 状态 | 备注 |
| 1 | 1306056 | 213060569 | 建筑库101/101建筑库 88排4列1层/ [索取号:TU375.04/S875] | 在馆 | |
| 2 | 1365727 | 213657274 | 建筑库101/101建筑库 88排4列1层/ [索取号:TU375.04/S875] | 在馆 | |
| 3 | 1365728 | 213657283 | 建筑库101/101建筑库 88排4列1层/ [索取号:TU375.04/S875] | 在馆 |